Management / (Record no. 16437)

MARC details
000 -LEADER
fixed length control field 01394cac a22003375a 4500
003 - CONTROL NUMBER IDENTIFIER
control field EG-ScBUE
005 - DATE AND TIME OF LATEST TRANSACTION
control field 20200308133756.0
008 - FIXED-LENGTH DATA ELEMENTS--GENERAL INFORMATION
fixed length control field 080826t2011 enka f bd 001 0 u d
020 ## - INTERNATIONAL STANDARD BOOK NUMBER
International Standard Book Number 9781408255667
040 ## - CATALOGING SOURCE
Original cataloging agency EG-ScBUE
Language of cataloging eng
Description conventions rda
Transcribing agency EG-ScBUE
Modifying agency EG-ScBUE
082 04 - DEWEY DECIMAL CLASSIFICATION NUMBER
Classification number 658
Item number MAN
Edition number 22
245 00 - TITLE STATEMENT
Title Management /
Statement of responsibility, etc Stephen P. Robbins, San Diego State University [and three others]
250 ## - EDITION STATEMENT
Edition statement Arab world edition.
264 #1 - PUBLICATION, DISTRIBUTION, ETC. (IMPRINT)
Place of publication, distribution, etc Harlow, England :
Name of publisher, distributor, etc Pearson Education Limited,
Date of publication, distribution, etc 2011.
300 ## - PHYSICAL DESCRIPTION
Extent xx, 540 pages :
Other physical details color illustrations ;
Dimensions 29 cm.
336 ## - CONTENT TYPE
Source rdacontent
Content type term text
Content type code txt
337 ## - MEDIA TYPE
Source rdamedia
Media type term unmediated
Media type code n
338 ## - CARRIER TYPE
Source rdacarrier
Carrier type term volume
Carrier type code nc
490 0# - SERIES STATEMENT
Series statement Always learning
500 ## - GENERAL NOTE
General note Includes glossary.
504 ## - BIBLIOGRAPHY, ETC. NOTE
Bibliography, etc Includes bibliographical references and index.
520 ## - SUMMARY, ETC.
Summary, etc Intended for courses in Principles of Management or Introduction to Management, this text demonstrates the real-world applications of management concepts. As it integrates the various functions of management, this book aims to establish a dialogue with managers from a variety of fields.
590 ## - LOCAL NOTE (RLIN)
Local note Doha<br/>Reviewed by : Wessam
650 #7 - SUBJECT ADDED ENTRY--TOPICAL TERM
Topical term or geographic name as entry element management.
Source of heading or term BUEsh
9 (RLIN) 29736
651 ## - SUBJECT ADDED ENTRY--GEOGRAPHIC NAME
Source of heading or term BUEsh
653 ## - INDEX TERM--UNCONTROLLED
Resource For college BAEPS, Business Administration
Arrived date list March2020
655 ## - INDEX TERM--GENRE/FORM
Form subdivision Reading book
9 (RLIN) 34232
700 1# - ADDED ENTRY--PERSONAL NAME
Personal name Robbins, Stephen P.,
Dates associated with a name 1943-
Relator term author.
9 (RLIN) 8040
942 ## - ADDED ENTRY ELEMENTS (KOHA)
Koha item type Book - Borrowing
Call number prefix 658 MAN
Source of classification or shelving scheme Dewey Decimal Classification
Holdings
Withdrawn status Lost status Source of classification or shelving scheme Damaged status Not for loan Collection code Home library Current library Shelving location Date acquired Source of acquisition Total Checkouts Total Renewals Full call number Barcode Date last seen Date checked out Koha item type Materials specified (bound volume or other part) Price effective from
    Dewey Decimal Classification     Baccah Central Library Central Library First floor 23/08/2015 Purchase 6 10 658 MAN 000026067 15/07/2025 22/03/2018 Book - Borrowing    
  Lost Dewey Decimal Classification     Baccah Central Library Central Library First floor 12/02/2012 Purchase 10 24 658 MAN 000026068 24/08/2022 24/02/2016 NB - Book (Non borrowing) Lost_In_Inventory_12-2-2024  
  Lost Dewey Decimal Classification     Baccah Central Library Central Library First floor 12/02/2012   1   658 MAN 000026069 19/03/2012 05/03/2012 Book - Borrowing Lost In Inventory_2005-2015/8/22  
    Dewey Decimal Classification     Baccah Central Library Central Library First floor 12/02/2012   6 9 658 MAN 000026070 15/07/2025 02/05/2017 Book - Borrowing    
    Dewey Decimal Classification     Baccah Central Library Central Library First floor 27/01/2014   17 11 658 MAN 000035506 15/07/2025 15/05/2019 Book - Borrowing   27/01/2014
    Dewey Decimal Classification     Baccah Central Library Central Library First floor 27/01/2014   14 21 658 MAN 000035507 15/07/2025 19/02/2017 Book - Borrowing   27/01/2014
    Dewey Decimal Classification     Baccah Central Library Central Library First floor 27/01/2014   2 4 658 MAN 000035508 12/02/2024 24/03/2014 Book - Borrowing Lost In Inventory_2005-2015/8/22  
    Dewey Decimal Classification     Baccah Central Library Central Library First floor 27/01/2014   23 26 658 MAN 000035509 15/07/2025 16/04/2019 Book - Borrowing   27/01/2014
    Dewey Decimal Classification     Baccah Central Library Central Library First floor 27/01/2014   12 31 658 MAN 000035510 15/07/2025 22/04/2019 Book - Borrowing   27/01/2014
    Dewey Decimal Classification     Baccah Central Library Central Library First floor 27/01/2014   2 2 658 MAN 000035511 15/07/2025 13/07/2021 Book - Borrowing    
    Dewey Decimal Classification     Baccah Central Library Central Library First floor 08/03/2020 Purchase     658 MAN 000048786 15/07/2025   Book - Borrowing   08/03/2020
    Dewey Decimal Classification     Donation-Gift Central Library Central Library First floor 06/04/2022 Donation     658 MAN 000056251 15/07/2025   Book - Borrowing   06/04/2022